[Event "GER-ch Seniors 50"]
[Site "Hamburg"]
[Date "2018.07.26"]
[Round "6"]
[White "Ollrogge, Andreas"]
[Black "Fuhrmann, Frederik"]
[Result "1/2-1/2"]
[WhiteElo "1434"]
[BlackElo "1550"]
[PlyCount "55"]
[EventDate "2018.07.21"]
[EventType "swiss"]
[EventRounds "9"]
[EventCountry "GER"]
[SourceTitle "CBM 186 Extra"]
[Source "ChessBase"]
[SourceDate "2018.08.24"]
[SourceVersion "1"]
[SourceVersionDate "2018.08.24"]
[SourceQuality "1"]

1. d4 Nf6 2. c4 g6 3. Nc3 Bg7 4. e4 d6 5. Be2 0-0 6. Nf3 e5 7. dxe5 dxe5 8. Qxd8 Rxd8 9. h3 a6 10. Bg5 h6 11. Bh4 g5 12. Bg3 Nc6 13. Nxe5 Nxe4 14. Nxc6 Nxg3 15. Nxd8 Nxh1 16. Rd1 c5 17. Bf3 Bd4 18. Ne2 Nxf2 19. Rd2 g4 20. Nxd4 gxf3 21. Kxf2 cxd4 22. Rxd4 fxg2 23. Kxg2 Kf8 24. h4 Ke7 25. Kg3 Rb8 26. b4 Bd7 27. Nxf7 Rg8+ 28. Kh2 1/2-1/2

[Event "Hamburg-chA"]
[Site "Hamburg"]
[Date "2018.05.27"]
[Round "7"]
[White "Fuhrmann, Frederik"]
[Black "Grube, Bernd"]
[Result "0-1"]
[WhiteElo "1550"]
[BlackElo "1608"]
[PlyCount "120"]
[EventDate "2018.05.19"]
[EventType "swiss"]
[EventRounds "7"]
[EventCountry "GER"]
[SourceTitle "EXT 2020"]
[Source "ChessBase"]
[SourceDate "2019.10.17"]
[SourceVersion "1"]
[SourceVersionDate "2019.10.17"]
[SourceQuality "1"]

1. c4 e6 2. g3 d5 3. Bg2 Nf6 4. Nf3 c6 5. 0-0 Bd6 6. d4 0-0 7. c5 Bc7 8. b4 a5 9. bxa5 Bxa5 10. Bd2 Bxd2 11. Nbxd2 b5 12. Ne5 Ra4 13. e3 Qa5 14. Qc2 Nfd7 15. Ndf3 f6 16. Nxd7 Bxd7 17. Qd2 Qxd2 18. Nxd2 Na6 19. a3 Ra8 20. Rfb1 Nc7 21. Rb3 e5 22. dxe5 fxe5 23. e4 b4 24. exd5 cxd5 25. Nf3 e4 26. Ne5 Be6 27. Rab1 Nb5 28. Rxb4 Rxb4 29. axb4 Ra4 30. Bf1 Nc3 31. Re1 Rxb4 32. Ra1 Ra4 33. Rxa4 Nxa4 34. c6 Nb6 35. Bb5 Kf8 36. Kf1 Ke7 37. c7 Kd6 38. c8Q Bxc8 39. f4 g5 40. Nf7+ Kc5 41. Be2 gxf4 42. gxf4 Kd4 43. Kf2 Nc4 44. Ng5 Bf5 45. h4 Nb2 46. h5 Nd3+ 47. Kg3 Ke3 48. Bg4 Bxg4 49. Kxg4 Nf2+ 50. Kf5 d4 51. Nxh7 d3 52. h6 d2 53. Ng5 d1Q 54. h7 Qh5 55. Kf6 Kxf4 56. Ne6+ Kg4 57. Nf8 e3 58. Kg7 Qxh7+ 59. Nxh7 e2 60. Nf6+ Kf3 0-1

[Event "Hamburg-chA"]
[Site "Hamburg"]
[Date "2018.05.20"]
[Round "2"]
[White "Vesovic, Alexandar"]
[Black "Fuhrmann, Frederik"]
[Result "0-1"]
[WhiteElo "1539"]
[BlackElo "1550"]
[PlyCount "130"]
[EventDate "2018.05.19"]
[EventType "swiss"]
[EventRounds "7"]
[EventCountry "GER"]
[SourceTitle "EXT 2020"]
[Source "ChessBase"]
[SourceDate "2019.10.17"]
[SourceVersion "1"]
[SourceVersionDate "2019.10.17"]
[SourceQuality "1"]

1. e4 d6 2. d4 Nf6 3. Bd3 g6 4. f4 Bg7 5. e5 dxe5 6. fxe5 Nd5 7. c3 0-0 8. Nf3 Nd7 9. 0-0 c5 10. Kh1 cxd4 11. cxd4 N7b6 12. Nc3 h6 13. a3 Be6 14. Qc2 Rc8 15. Bxg6 fxg6 16. Qxg6 Bf5 17. Qg3 Rc6 18. Nh4 Bh7 19. Be3 Nxe3 20. Qxe3 Nc4 21. Rxf8+ Qxf8 22. Qh3 Nxb2 23. Nd5 e6 24. Nb4 Rb6 25. Na2 Nd3 26. Qe3 Qf4 27. Qxf4 Nxf4 28. Nc3 Bf8 29. a4 a6 30. Rf1 Rb3 31. Rxf4 Rxc3 32. h3 Rc4 33. a5 Bb4 34. Rf6 Rxd4 35. Nf3 Rd1+ 36. Kh2 Bxa5 37. Rxe6 Bf5 38. Rxh6 Kg7 39. Rf6 Bc8 40. h4 Bc7 41. Rf4 Rd5 42. Re4 Bf5 43. Rc4 Bxe5+ 44. Nxe5 Rxe5 45. Rc7+ Kg6 46. Rxb7 Bd3 47. g4 Re4 48. Rb6+ Kf7 49. Kg3 Be2 50. g5 Re6 51. Rb8 a5 52. Kf4 a4 53. Rb7+ Kg6 54. Rb2 Bd1 55. Rd2 Bh5 56. Ra2 Ra6 57. Ke5 a3 58. Kd4 Kg7 59. Kc3 Bf7 60. Ra1 Kg6 61. Rf1 a2 62. Kb2 Kh5 63. Rh1 Bg6 64. Ka1 Bf7 65. Rf1 Ra7 0-1